Statistics for 100 Most Common Spanish Words

Click here to take the quiz!

General Stats

  • This quiz has been taken 3,892 times
  • The average score is 33 of 100

Answer Stats

Spanish Word% Correct
A
92%
El
90%
No
86%
O
86%
Y
84%
Él
82%
La
82%
Si
81%
Que
69%
Qué
69%
Se
68%
Est
67%
Mi
66%
De
65%
Lo
65%
Un
65%
Por
63%
Yo
63%
Me
60%
Ella
58%
Nos
54%
Uno
51%
Dos
50%
En
50%
Le
50%
Como
49%
Ser
47%
Para
45%
Con
44%
Estar
42%
Ir
42%
Donde
40%
Su
38%
Porque
37%
Tener
37%
Cuando
36%
Hacer
35%
Dia
34%
Bien
32%
Más
32%
Ver
32%
Pero
31%
Ni
30%
Sin
30%
Mucho
28%
Hablar
26%
Muy
26%
Haber
25%
Querer
24%
Poder
22%
Decir
21%
Hombre
21%
Menos
20%
Nada
20%
Dar
19%
Saber
19%
Todo
19%
Eso
18%
También
18%
Desde
17%
Hasta
17%
Ese
16%
Sobre
16%
Ya
16%
Año
15%
Grande
15%
Poco
15%
Poner
15%
Nuestro
14%
Siempre
14%
Tan
14%
Tiempo
14%
Ahora
13%
Así
12%
Entre
12%
Otro
12%
Después
11%
Vez
11%
Creer
10%
Cosa
9%
Primero
9%
Cada
8%
Deber
8%
Llevar
8%
Mismo
8%
Tanto
8%
Vida
8%
Alguno
7%
Entonces
7%
Pasar
7%
Quedar
7%
Dejar
6%
Nuevo
6%
Parecer
5%
Seguir
5%
Encontrar
4%
Parte
4%
Llegar
2%

Score Distribution

Percentile by Number Answered

Percent of People with Each Score

Your Score History

You have not taken this quiz